000 00388ntaaa2200157 4500
003 01
005 20251027201945.0
008 0714s1973 ag 01
040 _aAR-BaBN
_bspa
_cAR-BaBN
_eaacr
_dRIC
082 _a248.0000 K
100 _aKierkegaard, Soren
245 _aTemor y temblor /
_cSoren Kierkegaard,
250 _a1 ed. :
_bs.l.,
_cn.f.
650 _aVida Cristiana
942 _cBK
999 _c14311
_d14311